Sermons on biblical characters / (Record no. 3263)
[ view plain ]
| 000 -LEADER | |
|---|---|
| fixed length control field | 00898cam a2200289Ia 4500 |
| 001 - CONTROL NUMBER | |
| control field | 33236010 |
| 003 - CONTROL NUMBER IDENTIFIER | |
| control field | OCoLC |
| 005 - DATE AND TIME OF LATEST TRANSACTION | |
| control field | 20181217192129.0 |
| 008 - FIXED-LENGTH DATA ELEMENTS--GENERAL INFORMATION | |
| fixed length control field | 951003r19871922miu 000 0 eng d |
| 020 ## - INTERNATIONAL STANDARD BOOK NUMBER | |
| International Standard Book Number | 0801023300 |
| 035 ## - SYSTEM CONTROL NUMBER | |
| System control number | (OCoLC)33236010 |
| 040 ## - CATALOGING SOURCE | |
| Original cataloging agency | PBE |
| Language of cataloging | eng |
| Transcribing agency | PBE |
| Modifying agency | OCL |
| -- | OCLCG |
| -- | OCLCQ |
| -- | OCLCO |
| -- | CIRBC |
| 082 ## - DEWEY DECIMAL CLASSIFICATION NUMBER | |
| Classification number | 220.9 |
| Item number | C467S |
| 092 0# - LOCALLY ASSIGNED DEWEY CALL NUMBER (OCLC) | |
| Classification number | 252 |
| Item number | C4672s |
| 100 1# - MAIN ENTRY--PERSONAL NAME | |
| Personal name | Chappell, Clovis Gillham, |
| Dates associated with a name | 1882-1972. |
| 245 10 - TITLE STATEMENT | |
| Title | Sermons on biblical characters / |
| Statement of responsibility, etc. | Clovis G. Chappell. |
| 260 ## - PUBLICATION, DISTRIBUTION, ETC. | |
| Place of publication, distribution, etc. | Grand Rapids : |
| Name of publisher, distributor, etc. | Baker Book House, |
| Date of publication, distribution, etc. | 1922 [reprinted 1987] |
| 300 ## - PHYSICAL DESCRIPTION | |
| Extent | 194 pages ; |
| Dimensions | 20 cm. |
| 336 ## - CONTENT TYPE | |
| Content type term | text |
| Content type code | txt |
| Source | rdacontent |
| 337 ## - MEDIA TYPE | |
| Media type term | unmediated |
| Media type code | n |
| Source | rdamedia |
| 338 ## - CARRIER TYPE | |
| Carrier type term | volume |
| Carrier type code | nc |
| Source | rdacarrier |
| 490 0# - SERIES STATEMENT | |
| Series statement | Pocket pulpit library. |
| 500 ## - GENERAL NOTE | |
| General note | Originally published in 1922 by George H. Doran Company. |
| 630 00 - SUBJECT ADDED ENTRY--UNIFORM TITLE | |
| Uniform title | Bible |
| Form subdivision | Biography. |
| 650 #0 - SUBJECT ADDED ENTRY--TOPICAL TERM | |
| Topical term or geographic name entry element | Sermons. |
| 942 ## - ADDED ENTRY ELEMENTS (KOHA) | |
| Source of classification or shelving scheme | Dewey Decimal Classification |
| Koha item type | Books |
| Withdrawn status | Lost status | Source of classification or shelving scheme | Damaged status | Not for loan | Collection code | Home library | Current library | Shelving location | Date acquired | Cost, normal purchase price | Total Checkouts | Full call number | Barcode | Date last seen | Price effective from | Koha item type |
|---|---|---|---|---|---|---|---|---|---|---|---|---|---|---|---|---|
| Dewey Decimal Classification | Non-fiction | Harvest Mission College | Harvest Mission College | General Stacks | 07.11.2018 | 200.00 | 220.9 C467S | 003819 | 07.11.2018 | 07.11.2018 | Books |
